MDQL
is popping MORE tags! Check the
thread
!
Quizzes
Events
Quiz Creation
Community
Videos
Private Events
Remove Ads
Sign In
Join for FREE
Feedback
Dark Mode
Quiz Categories
Sports
Geography
Music
Movies
Television
Just For Fun
Miscellaneous
History
Literature
Language
Science
Gaming
Entertainment
Religion
Holiday
For Kids
Quiz Lab
Recent
Popular Today
Quiz Kudos Today
Editor Picks
Curator Picks
Quizzes by...
Day
Popularity
Type
Ratings
Length
Year
Community
Subscriptions
Recent Discussions
Orange Saloon
Badges
Playlists
Quests
Create
Leaderboards
Showdown
Live 5
Trivia Bingo
Activity
Puzzle Library
Sporcle Events
Private Events
Virtual Trivia
Globe League
Become a Host
Pub Owners
SporcleCon
Opinionation
Our Games
Videos
Blog
Mobile Apps
Partnerships
Remove Ads and Go Orange
Feedback
Television
TV Characters
TV Show
Sitcom
Network
Friends
Reality Shows
Cast
South Park
Star Trek
The Simpsons
Doctor Who
Television
TV Characters
TV Show
Sitcom
Network
Friends
Reality Shows
Cast
South Park
Star Trek
The Simpsons
Doctor Who
Random Quiz
Search Sporcle
×
Quiz Lab
Quiz Lab
Television
iCarly
Type in answers that appear in a list
Type in answers that appear in a list
Classic
Best Score? Go Orange.
Icarly episodes Stats
Can you name the icarly episodes?
By
sporcolo454
12m
17 Questions
751 Plays
751 Plays
751 Plays
Comments
Comments
Give Quiz Kudos
Give Quiz Kudos
-
- Ratings
hide this ad
Replay
Link that replays current quiz
Next Quiz
Link to next quiz in quiz playlist
You Got
0%
They Got
Avg Score
52%
Avg Friend Score
Upgrade to see
Score Distribution
Jump to the score distribution portion of the page
Score
0/17
Timer
12:00
0
Plays Today
hint
episode
% Correct
carly gets a boyfriend named griffin
idate a bad boy
79%
carly sam and freddie love cocunut cream pie
ipie
73.6%
carly fights shelby marx
ifight shelby marx
73%
sam and freddie kiss
ikiss
69.8%
freddie saves carly from a truck
isaved your life
65.5%
dating contest
iwin a date
62.7%
carly and sam like jake
ilike jake
53.8%
carly finds out that sam and freddie kissed
ithink they kissed
52.9%
carly makes sam girly
imake sam girlier
47.9%
hint
episode
% Correct
sam's boyfriend tries to kiss carly
ihate sam's boyfriend
46.3%
spencer accedentally burns carly's presents
ichristmas
44.5%
carly sam and freddie try to break a world record
iwant a world record
44.1%
ms ackerman is crazy
ihave a lovesick teacher
41%
principal franklin gets fired
ihave my principals
40.6%
carly and sam get detention
igot detention
37.8%
carly sam and freddie sneak out
ilook alike
37%
freddie gets a girlfriend
iwill date freddie
29.2%
Quiz Playlist
Details
Report
Send in Message
Add To Playlist
Classic:
Type in answers that appear in a list
Quiz Source
Last Updated: Feb 16, 2017
Quiz Scoreboard
CHALLENGE
Sign Up to Join the Scoreboard
Show All
Scores
Hide
Comments
May contain spoilers
Recently Published
Image Sorting: Flags VI
by Barbecue
Geography
2m
Find the 'City' Movie
by crazypaving
Movies
60s
Colored Red Africa Blitz
by spor1
Geography
45s
More to Explore
Quiz From the Vault
Featured Blog Post
14 Easter Pick-up Lines to Find Eggs With
hide this ad
You Might Also Like...
Tags
episode
iCarly
Today's Top Quizzes in Television
Browse Television
hide this ad
Today's Top Quizzes in iCarly
Browse iCarly
Top Contributed Quizzes in Television
1
Survivor Journey Challenge
2
Brooklyn Nine Nine Logic Puzzle (How-To-Play)
3
Total Drama Characters
4
Adjectives in 00s TV Shows
5
Phoebe Buffay Quotes
6
Survivor Heroes vs. Villains Logic Puzzle
7
Survivor Trivia
8
Emmerdale Characters (from August 2012)
9
Game of Thrones: Tywin Lannister Start to Finish
10
Survivor Logic Puzzle: Heroes vs. Villains
Explore More
Trending Topics
Harry Potter
Kpop
Disney
Crossword
Anime
NBA
Marvel
The Office
Pokémon
Country
WWE
Song
Puzzle
NFL
Soccer
hide this ad
More By:
sporcolo454
Quiz
Plays
Rating
Category
Featured
Created
icarly episodes
751
3.50
Television
Jan 30, 2010
shows on nickelodeon
226
2.33
Television
Feb 28, 2010
miranda cosgrove songs
199
2.00
Music
Jan 29, 2010
taylor swift songs
167
1.00
Music
Feb 5, 2010
Go to Creator's Profile
Score Distribution
Quiz Creator Spotlight
sporcolo454
Follow
Send a Message
Quizzes Created
-
Created Quiz Play Count
-
More By This Creator
Popular Quizzes Today
1
Colored Red Africa Blitz
2
Find the US States - No Outlines Minefield
3
Find the 'City' Movie
4
5x2 Blitz: Bands
5
The Countries of the World
6
Find the US States
7
Find the Countries of Europe - No Outlines Minefield
8
US States
More Television Quizzes
Find the T TV Series
Quiz Lab
Trending Quizzes
Colored Red Europe Blitz I
Colored Red Europe Blitz II
Colored Red Africa Blitz II
Colored Red Europe Blitz III
Colored Red Africa Blitz III
Recently Updated
How Do You Spell That?
pecheneg
Godzilla Movies
pecheneg
Grab Bag: 4-10 Letters
pecheneg
2024 March Madness Bracket
pecheneg
Famous TV Couples
Peacemaker
Champions League XIs: Real Madrid
pecheneg
Largest US Cities 1790-2010
pecheneg
Rides in Walt Disney World
pecheneg
Most Oscar Losses (Acting)
pecheneg
Beyoncé Albums
pecheneg
Trending Topics
Kpop
Crossword
Harry Potter
Marvel
Disney
NBA
Anime
WWE
The Office
NFL
Country
Song
Puzzle
Pokémon
Soccer
Your Account Isn't Verified!
In order to create a playlist on Sporcle, you need to verify the email address you used during registration. Go to your
Sporcle Settings
to finish the process.
Report this User
Report this user for behavior that violates our
Community Guidelines
.
Details:
Send Report
Go to the Sporcle.com Mobile Site →
Comments